Every Song by Buffalo Springfield - Statistics

General Stats
  • This quiz has been taken 8 times
    7 since last reset
  • The average score is 20 of 59
Answer Stats
Album Song % Correct
Buffalo Springfield(Bonus)(1967) For What It's Worth
100%
Buffalo Springfield(1966) Burned
83%
Buffalo Springfield(1966) Nowadays Clancy Can't Even Sing
83%
Buffalo Springfield Again(1967) Bluebird
67%
Buffalo Springfield Again(1967) Expecting to Fly
67%
Buffalo Springfield(1966) Flying on the Ground Is Wrong
67%
Buffalo Springfield(1966) Go and Say Goodbye
67%
Last Time Around(1968) I Am a Child
67%
Buffalo Springfield Again(1967) Mr. Soul
67%
Buffalo Springfield Again(1967) Rock & Roll Woman
67%
Buffalo Springfield Again(1967) A Child's Claim to Fame
50%
Buffalo Springfield(1966) Do I Have to Come Right Out and Say It
50%
Buffalo Springfield Again(1967) Everydays
50%
Buffalo Springfield(1966) Leave
50%
Buffalo Springfield Again(1967) Sad Memory
50%
Buffalo Springfield(1966) Sit Down, I Think I Love You
50%
Buffalo Springfield Again(1967) Broken Arrow
33%
Last Time Around(1968) Carefree Country Day
33%
Buffalo Springfield(1966) Everybody's Wrong
33%
Last Time Around(1968) Four Days Gone
33%
Buffalo Springfield(1966) Hot Dusty Roads
33%
Buffalo Springfield Again(1967) Hung Upside Down
33%
Last Time Around(1968) Kind Woman
33%
Last Time Around(1968) On the Way Home
33%
Buffalo Springfield(1966) Out of My Mind
33%
Buffalo Springfield(1966) Pay the Price
33%
Last Time Around(1968) Pretty Girl Why
33%
Last Time Around(1968) Questions
33%
Last Time Around(1968) Special Care
33%
Last Time Around(1968) The Hour of Not Quite Rain
33%
Buffalo Springfield(1966) Baby Don't Scold Me
17%
Buffalo Springfield(2001) Buffalo Stomp (Raga)
17%
Buffalo Springfield(2001) Can't Keep Me Down
17%
Buffalo Springfield(2001) Come On
17%
Buffalo Springfield(2001) Down Down Down
17%
Buffalo Springfield(2001) Down to the Wire
17%
Buffalo Springfield(2001) Falcon Lake (Ash on the Floor)
17%
Buffalo Springfield Again(1967) Good Time Boy
17%
Buffalo Springfield(2001) Hello, I've Returned
17%
Buffalo Springfield(2001) I'm Your Kind of Guy
17%
Last Time Around(1968) It's So Hard to Wait
17%
Buffalo Springfield(2001) Kahuna Sunset
17%
Last Time Around(1968) Merry-Go-Round
17%
Buffalo Springfield(2001) My Angel
17%
Buffalo Springfield(2001) My Kind of Love
17%
Buffalo Springfield(2001) Neighbor Don't You Worry
17%
Buffalo Springfield(2001) Nobody's Fool
17%
Buffalo Springfield(2001) No Sun Today
17%
Buffalo Springfield(2001) Old Laughing Lady
17%
Buffalo Springfield(2001) One More Sign
17%
Buffalo Springfield(2001) Round and Round and Round
17%
Buffalo Springfield(2001) So You've Got a Lover
17%
Buffalo Springfield(2001) There Goes My Babe
17%
Buffalo Springfield(2001) The Rent Is Always Due
17%
Last Time Around(1968) Uno Mundo
17%
Buffalo Springfield(2001) We'll See
17%
Buffalo Springfield(2001) What a Day
17%
Buffalo Springfield(2001) Whatever Happened to Saturday Night
17%
Buffalo Springfield(2001) Words I Must Say
17%
No matching quizzes found
Score Distribution
Percent of People with Each Score
Percentile by Number Answered
Your Score History
You have not taken this quiz since the last reset